|
|
|
|
| LEADER |
00000nam0a2200000 4500 |
| 001 |
311153 |
| 005 |
20231102002346.0 |
| 035 |
|
|
|a (RuTPU)RU\TPU\book\336508
|
| 090 |
|
|
|a 311153
|
| 100 |
|
|
|a 20151203d1983 m y0rusy50 ca
|
| 101 |
1 |
|
|a rus
|c ger
|
| 102 |
|
|
|a RU
|
| 105 |
|
|
|a a z 001ay
|
| 200 |
1 |
|
|a Другая половина мира, или Утренние беседы с Паулой
|e роман
|e пер. с нем.
|f А. Мехтель
|g пер. Н. Федорова ; авт. предисл. Н. Литвинец
|
| 210 |
|
|
|a Москва
|c Радуга
|d 1983
|
| 215 |
|
|
|a 240 с.
|c ил.
|
| 320 |
|
|
|a Вступительная статья: с. 5-16
|
| 606 |
1 |
|
|a Немецкая литература
|2 stltpush
|3 (RuTPU)RU\TPU\subj\45368
|9 64612
|
| 610 |
1 |
|
|a художественная литература
|
| 610 |
1 |
|
|a романы
|
| 610 |
1 |
|
|a женщины
|
| 610 |
1 |
|
|a характеры
|
| 610 |
1 |
|
|a судьбы
|
| 675 |
|
|
|a 83
|v 4
|
| 700 |
|
1 |
|a Мехтель
|b А.
|g Ангелика
|4 070
|
| 702 |
|
1 |
|a Федорова
|b Н.
|4 730
|
| 702 |
|
1 |
|a Литвинец
|b Н.
|4 080
|
| 801 |
|
1 |
|a RU
|b 63413507
|c 20151203
|
| 801 |
|
2 |
|a RU
|b 63413507
|c 20210414
|g RCR
|
| 942 |
|
|
|c BK
|